LEADER 01436nam a2200325 u 4500 001 000000062427 003 CaOOAMICUS 005 20070226121131.0 008 010928s1992 it u000 u ita u 020 $a8816403128 035 $a10904673 040 $aPUL(R)$bita 100 1 $aLorenzetti, Pietro,$dfl. 1320-1348.$0(OLS)http://pul/name/42540 245 10$a"Catene d'oro" e libertas ecclesiae :$bi cattolici nel primo Risorgimento milanese /$cPietro Lorenzetti ; prefazione di Giorgio Rumi. 260 $aMilano :$bJaca Book,$cc1992. 300 $a217 p, ;$c24 cm 490 1 $aDi fronte e attraverso.$aStoria ;$v312 500 $aContiene indice dei nomi. 504 $aFonti e Bibliografia: p. 197. 650 4$aLibertą.$0(OLS)http://pul/subject/40 650 4$aChiesa.$0(OLS)http://pul/subject/2116 700 1 $aRumi, Giorgio.$0(OLS)http://pul/name/8313 830 0$aDi fronte e attraverso.$pStoria ;$v312.$0(OLS)http://pul/title/67175 850 $aPUL 852 $aPUL$W1$xDP1 Cons. Gen., Altre Classi 1$y22$m46 Q 27$j81177$nBK-PRI$b $qStampati$B81177$CPULBib$Z2$F81177 $H $81 941 1 $a8 961 $aINV: 69440 996 $6020$a8816403128$9(OLS)http://pul/number/80971 996 $6245$a"Catene d'oro" e libertas ecclesiae :$bi cattolici nel primo Risorgimento milanese$9(OLS)http://pul/title/83294 996 $6260$aMilano :$bJaca Book$9(OLS)http://pul/publisher/47900 LEADER 01643nam a2200325 a 4500 001 000000156844 003 CaOOAMICUS 005 20161129120821.0 008 161129s1949 it u000 u lat r 032 $aLibriCat 040 $aPUL$bita 100 1 $aGozzo, Serafino Maria,$cO.F.M.$0(OLS)http://pul/name/100036 245 10$aDisquisitio critico-exegetica in parabolam N. Testamenti de perfidis vinitoribus /$cP. Seraphinus M. Gozzo, O.F.M. 260 $aRoma :$bPontificio Ateneo Antoniano,$c1949. 300 $aXVI, 206 p. ;$c25 cm. 490 1 $aStudia Antoniana ;$v02 502 $aTesi -- Pontificium Athenaeum Antonianum de Urbe. Facultas Theologica. 1949. 504 $aBibliografia in nota. 630 04$aBiblia.$pN.T.$xCritica e interpretazione.$0(OLS)http://pul/subject/1926 710 2 $aPontificio Ateneo Antoniano.$bFacoltą di Teologia.$kTesi.$0(OLS)http://pul/name/99830 830 0$aStudia Antoniana ;$v02.$0(OLS)http://pul/title/3417 850 $aPUL 852 $aPUL$W1$xDP1 Tesi Pon. At. Antonianum$y30$mTH ANT TH52$j180126$qTesi$B183249$CPULBib$Z2$F183249 $H13250 $82 910 $aPontificium Athenaeum Antonianum.$bFacultas Theologiae.$kTesi$999830 910 $aPontificia Universitą Antonianum.$bFacoltą di teologia.$kTesi$999830 910 $aPontificia Universitą Antonianum.$bFacoltą di teologia.$kTesi$999830 941 1 $a16 996 $6245$aDisquisitio critico-exegetica in parabolam N. Testamenti de perfidis vinitoribus$9(OLS)http://pul/title/196444 996 $6260$aRoma :$bPontificio Ateneo Antoniano$9(OLS)http://pul/publisher/85667